A proteção contra despedida arbitrária ou sem justa causa no Brasil / (Record no. 763)

MARC details
000 -LÍDER
Campo Fixo de Controle 00762nam a2200241 a 4500
001 - NÚMERO DE CONTROLE
Campo de Controle 763
003 - IDENTIFICAÇÃO DO NÚMERO DE CONTROLE
Campo de Controle BR-CuiBMT
005 - DATA E HORA DA ÚLTIMA ATUALIZAÇÃO
Campo de Controle 20231127195640.0
008 - DADOS FIXOS
Dados Fixos 231116s2017 baba 000 0 POR d
020 ## - INTERNATIONAL STANDARD BOOK NUMBER
Nº do ISBN 9788544212745
040 ## - AGÊNCIA CATALOGADORA
Código da Agência Catalogadora BR-CuiBMT
Agência que transcreveu o registro BR-CuiBMT
080 ## - Nº DA CLASSIFICAÇÃO DECIMAL UNIVERSAL
Nº edição CDU 2007
Nº Class. CDU 349.2
Subd. Auxiliar Comum (81)
090 ## - NÚMERO DE CHAMADA
Nº classificação 349.2(81)
Cutter D192p
100 1# - ENTRADA PRINCIPAL -- AUTOR PESSOAL
Nome pessoal Dantas, Adriano Mesquita,
Datas associadas ao nome 1982-
245 12 - TÍTULO PRINCIPAL
Título principal A proteção contra despedida arbitrária ou sem justa causa no Brasil /
Indicação de responsabilidade Adriano Mesquita Dantas.
260 ## - PUBLICAÇÃO, DISTRIBUIÇÃO, ETC.
Local de publicação Salvador :
Editora JusPODIVM,
Data 2017.
300 ## - DESCRIÇÃO FÍSICA
N. páginas ou volumes 153 p. :
Ilustrações il. ;
Dimensões 21 cm
504 ## - NOTA DE BIBLIOGRAFIA, ETC.
Nota de bibliografia Inclui bibliografia.
650 ## - ASSUNTO TÓPICO
Cabeçalho tópico ou nome geográfico Direito do trabalho
Subdivisão geográfica Brasil
650 ## - ASSUNTO TÓPICO
Cabeçalho tópico ou nome geográfico Trabalhadores
Subdivisão geral Direitos fundamentais
Subdivisão geográfica Brasil
650 ## - ASSUNTO TÓPICO
Cabeçalho tópico ou nome geográfico Trabalhadores
Subdivisão geral Proteção
942 ## - ELEMENTOS DE ENTRADA ADICIONAIS (KOHA)
Fonte de classificação ou esquema de arquivamento Classificação Decimal Universal
Tipo de item do Koha Livros
Holdings
Estado: removido Estado: perdido Fonte de classificação ou esquema de arquivamento Estado: danificado Indisponível para empréstimo Localização permanente Localização atual Data de aquisição Total Checkouts Número de Chamada completo Código de barras Date last seen Número do exemplar Preço efetivo a partir de Tipo de item (Koha)
    Classificação Decimal Universal     Biblioteca da Escola Superior de Contas do TCE/MT Biblioteca da Escola Superior de Contas do TCE/MT 03/06/2019   349.2(81) D192p BIBTCEMT23110665 16/11/2023 Ex. 1 16/11/2023 Livros

Powered by Koha